书目信息 |
| 题名: |
我爱问连岳
|
|
| 作者: | 连岳 著 | |
| 分册: | 8 | |
| 出版信息: | 南京 译林出版社 2024.07 |
|
| 页数: | 403页 | |
| 开本: | 21cm | |
| 丛书名: | ||
| 单 册: | ||
| 中图分类: | I267.1 | |
| 科图分类: | ||
| 主题词: | 随笔--作品集--中国--当代 | |
| 电子资源: | ||
| ISBN: | 978-7-5753-0231-9 | |
| 000 | 00747nam0 2200229 450 | |
| 001 | 012735687 | |
| 005 | 20251022133921.58 | |
| 010 | @a978-7-5753-0231-9@dCNY59.00 | |
| 100 | @a20241001d2024 em y0chiy0120 ea | |
| 101 | 0 | @achi |
| 102 | @aCN@b320000 | |
| 105 | @ay z 000cy | |
| 106 | @ar | |
| 200 | 1 | @a我爱问连岳@9wo ai wen lian yue@h8@f连岳著 |
| 210 | @a南京@c译林出版社@d2024.07 | |
| 215 | @a403页@d21cm | |
| 330 | @a本书收录了连岳公众号82个精选案例,探讨职业、婚恋、家庭财务、亲子关系等重大人生问题。分门别类,方便检索,逐一解决社会人常有的困惑。 | |
| 606 | 0 | @a随笔@x作品集@y中国@z当代 |
| 690 | @aI267.1@v5 | |
| 701 | 0 | @a连岳@9lian yue@f(1970-)@4著 |
| 801 | 0 | @aCN@c20250910 |
| 905 | @a河南城建学院图书馆@dI267.1@eL383:8@ZL383:8@f1 | |
| 我爱问连岳.8/连岳著.-南京:译林出版社,2024.07 |
| 403页;21cm |
| ISBN 978-7-5753-0231-9:CNY59.00 |
| 本书收录了连岳公众号82个精选案例,探讨职业、婚恋、家庭财务、亲子关系等重大人生问题。分门别类,方便检索,逐一解决社会人常有的困惑。 |
| ● |
| 相关链接 |
|
|
|
正题名:我爱问连岳
索取号:I267.1/L383:8
 
预约/预借
| 序号 | 登录号 | 条形码 | 馆藏地/架位号 | 状态 | 备注 |
| 1 | 1634673 | 216346737 | 文学库116/116文学库 10排2列1层/ [索取号:I267.1/L383:8] | 在馆 |